How to get happily published / (Record no. 57769)

MARC details
000 -LEADER
fixed length control field 00686nam a22002417a 4500
001 - CONTROL NUMBER
control field 57769
005 - DATE AND TIME OF LATEST TRANSACTION
control field 20260418163414.0
008 - FIXED-LENGTH DATA ELEMENTS--GENERAL INFORMATION
fixed length control field 260309s1992 nyu b 001 0 eng
020 ## - INTERNATIONAL STANDARD BOOK NUMBER
ISBN 9780062715449
020 ## - INTERNATIONAL STANDARD BOOK NUMBER
ISBN 9780062731333
040 ## - CATALOGING SOURCE
Original cataloging agency BD-DhIUB
Transcribing agency BD-DhIUB
Modifying agency BD-DhIUB
082 00 - DEWEY DECIMAL CLASSIFICATION NUMBER
Classification number 070.52
Edition number 20
Item number A6464h
100 1# - MAIN ENTRY--PERSONAL NAME
Personal name Appelbaum, Judith.
245 10 - TITLE STATEMENT
Title How to get happily published /
Statement of responsibility, etc Judith Appelbaum.
250 ## - EDITION STATEMENT
Edition statement 4th ed.
260 ## - PUBLICATION, DISTRIBUTION, ETC. (IMPRINT)
Place of publication, distribution, etc New York, N.Y. :
Name of publisher, distributor, etc HarperPerennial,
Date of publication, distribution, etc 1992.
300 ## - PHYSICAL DESCRIPTION
Extent xv, 317 p. :
Dimensions 22 cm.
526 ## - STUDY PROGRAM INFORMATION NOTE
School name Library
Shelving Location General Stacks
650 #0 - SUBJECT ADDED ENTRY--TOPICAL TERM
Topical term or geographic name as entry element Authorship
General subdivision Marketing.
650 #0 - SUBJECT ADDED ENTRY--TOPICAL TERM
Topical term or geographic name as entry element Authors and publishers.
650 #0 - SUBJECT ADDED ENTRY--TOPICAL TERM
Topical term or geographic name as entry element Publishers and publishing.
942 ## - ADDED ENTRY ELEMENTS (KOHA)
Source of classification or shelving scheme Dewey Decimal Classification
Koha item type Books
Holdings
Withdrawn status Lost status Source of classification or shelving scheme Damaged status Not for loan Home library Current library Shelving location Date acquired Source of acquisition Serial Enumeration / chronology Total Checkouts Full call number Barcode Date last seen Copy number Price effective from Koha item type
    Dewey Decimal Classification     Library, Independent University, Bangladesh (IUB) Library, Independent University, Bangladesh (IUB) General Stacks 09/03/2026 Gift / Donation 1992   070.52 A6464h G000694 18/04/2026 01 18/04/2026 Books